Normal view
MARC view
- Education
Entry Topical Term
001 - CONTROL NUMBER
- control field: 4652
003 - CONTROL NUMBER IDENTIFIER
- control field: NUST
005 - DATE AND TIME OF LATEST TRANSACTION
- control field: 20170919153451.0
008 - FIXED-LENGTH DATA ELEMENTS
- fixed length control field: 170919|| aca||aabn | a|a d
040 ## - CATALOGING SOURCE
- Original cataloging agency: NUST
- Transcribing agency: NUST
150 ## - HEADING--TOPICAL TERM
- Topical term or geographic name entry element: Education
670 ## - SOURCE DATA FOUND
- Source citation: Work cat.: (NUST)4014: Najmi, Safdar Ali 4649, Quaid e Azam ka tasawar taalem aur Pakistan, 2004.
